Regionálna multiparita ako perspektívna forma sociálneho partnerstva

V posledných rokoch sa v dôsledku globalizačných, integračných či liberalizačných trendov v oblasti sociálneho partnerstva začali formovať jeho tzv. nové formy, a to najmä sociálne partnerstvo na európskej úrovni a sociálne partnerstvo na úrovni regionálnej. Dôležité aspekty, princípy a ciele sociál...

Ausführliche Beschreibung

Gespeichert in:
Bibliographische Detailangaben
1. Verfasser: Uhlerová, Monika
Format: Buchkapitel
Sprache:Slowakisch
Schlagworte:
Tags: Tag hinzufügen
Keine Tags, Fügen Sie das erste Tag hinzu!

MARC

LEADER 00000naa a2200000 4500
001 0220513
005 20220714120512.2
041 0 |a slo 
044 |a CZ 
245 1 0 |a Regionálna multiparita ako perspektívna forma sociálneho partnerstva  |c Monika Uhlerová 
520 |a V posledných rokoch sa v dôsledku globalizačných, integračných či liberalizačných trendov v oblasti sociálneho partnerstva začali formovať jeho tzv. nové formy, a to najmä sociálne partnerstvo na európskej úrovni a sociálne partnerstvo na úrovni regionálnej. Dôležité aspekty, princípy a ciele sociálneho partnerstva na regionálnej úrovni. Definovanie príčin zlyhaní a nefungovania regionálneho sociálneho dialógu na príklade Slovenska. Pojem tripartita ako vyjadrenie inštitucionalizovaného sociálneho dialógu za účasti tzv. tradičných sociálnych partnerov. Multipartita ako špecifické regionálne sociálne partnerstvo, ktorého aktéri – sociálni partneri – môžu reprezentovať aj ďalšie oblasti záujmov (nie len tradične štát, prácu a kapitál). 
610 2 0 |a partnerstvo sociálne 
610 2 0 |a politika regionálna 
610 2 0 |a dialóg sociálny 
610 2 0 |a tripartita 
610 2 0 |a Slovensko 
610 2 0 |a štát 
100 1 |a Uhlerová, Monika